Statystyki dla 10 Najmniejszych miast w Polsce

Kliknij tutaj aby rozwiązać quiz!

Ogólne statystyki

  • Ten quiz został rozwiązany 19 razy
  • Średni wynik to 3 z 10

Statystyki odpowiedzi

MiejsceMiasto% Poprawnych
10.Opatowiec
94%
7.Wyśmierzyce
56%
9.Wiślica
44%
3.Jarczów
19%
8.Borne Sulinowo
13%
4.Kopanica
13%
6.Lędyczek
13%
1.Berżniki
6%
5.Książ Wielkopolski
6%
2.Urszulin
6%

Rozkład punktacji

Percentyl według liczby udzielonych odpowiedzi

Procent ludzi z każdym wynikiem

Twoja historia wyników

Nie rozwiązałeś tego quizu